Meranie zvislých posunov výškového objektu
Saved in:
| Main Author: | |
|---|---|
| Other Authors: | |
| Format: | Manuscript Book |
| Language: | Slovak |
| Published: |
2017
|
| Subjects: | |
| Online Access: | http://is.stuba.sk/zp/portal_zp.pl?podrobnosti=131479 https://opac.crzp.sk/?fn=detailBiblioForm&sid=E7FF18FD4FFD5019DFFCED3CC38C |
| Tags: |
No Tags, Be the first to tag this record!
|
MARC
| LEADER | 00000ntm a22000003a 4500 | ||
|---|---|---|---|
| 001 | stuzp57117 | ||
| 003 | SK-STU | ||
| 005 | 20231010093143.9 | ||
| 007 | ta | ||
| 008 | 150427s2015----xo-----f-mn---000-0-slo-d | ||
| 040 | |a STU |b slo | ||
| 041 | 0 | |a slo | |
| 100 | 1 | |a Vozár, Marek |u 010140 |4 aut |U SvF Stavebná fakulta |T SvF Katedra geodézie |X 55173 |U V140 |Y 14 |7 55173 | |
| 242 | 0 | 1 | |a Measure the vertical displacements of the height object |y eng |
| 245 | 1 | 0 | |a Meranie zvislých posunov výškového objektu |
| 260 | |c 2017 | ||
| 650 | 4 | |a presná nivelácia |2 slo | |
| 650 | 4 | |a zvislé posuny |2 slo | |
| 650 | 4 | |a Panorama City Bratislava |2 slo | |
| 650 | 4 | |a vertical displacement |2 eng | |
| 650 | 4 | |a Panorama City Bratislava |2 eng | |
| 650 | 4 | |a precise leveling |2 eng | |
| 700 | 1 | |a Bajtala, Marek |u 010140 |k Z1 |4 ths |U SvF Stavebná fakulta |T SvF Katedra geodézie |X 1018 |U V140 |Y 14 |7 A000001018 | |
| 856 | 4 | |u http://is.stuba.sk/zp/portal_zp.pl?podrobnosti=131479 | |
| 856 | 4 | |u https://opac.crzp.sk/?fn=detailBiblioForm&sid=E7FF18FD4FFD5019DFFCED3CC38C | |